Příležitosti a výzvy nejen pro finanční sektor finanční transakce přes mobilní internet jsou stále běžnější

Konvergencia mobilných technológií s internetovými systémami. Bankové transakcie a nákupy cez internet v mobile alebo mobilný internet. Najprogresívnejší nástroj k bežným peňažným prevodom. Nové technológie, bezpečnosť dát a informácií.

Uložené v:
Podrobná bibliografia
Hlavný autor: Racková, Eva
Médium: Kapitola
Jazyk:Czech
Predmet:
Tagy: Pridať tag
Žiadne tagy, Buďte prvý, kto otaguje tento záznam!

MARC

LEADER 00000naa a2200000 4500
001 0121384
005 20231129093551.4
041 0 |a cze 
044 |a CZ 
245 1 0 |a Příležitosti a výzvy nejen pro finanční sektor  |b finanční transakce přes mobilní internet jsou stále běžnější  |c Eva Racková 
520 |a Konvergencia mobilných technológií s internetovými systémami. Bankové transakcie a nákupy cez internet v mobile alebo mobilný internet. Najprogresívnejší nástroj k bežným peňažným prevodom. Nové technológie, bezpečnosť dát a informácií. 
610 2 0 |a Česko 
610 2 0 |a banky 
610 2 0 |a bankovníctvo 
610 2 0 |a bankovníctvo elektronické 
610 2 0 |a komunikácia elektronická 
610 2 0 |a prevod bankový 
610 2 0 |a internet 
610 2 0 |a telefón mobilný 
610 2 0 |a siete mobilné 
100 1 |a Racková, Eva